00406nam a2200181Ia 4500003000400000005001700004008004100021020001800062040000600080041001200086082001900098100001800117245002200135250001200157260003400169300001200203440000900215OSt20240924154941.0240126s9999 xx 000 0 und d a9789387487499 c0 aEnglish a344.046 SHA;3 aShastri, S C. 0aEnvironmental law a6th ed. bEastern Book CompanyaLucknow alv, 613 aNULL